| 000 -LEADER |
| fixed length control field |
01374nam a2200193Ia 4500 |
| 001 - CONTROL NUMBER |
| control field |
19563 |
| 003 - CONTROL NUMBER IDENTIFIER |
| control field |
GE_BSU |
| 008 - FIXED-LENGTH DATA ELEMENTS--GENERAL INFORMATION |
| fixed length control field |
181216s||||||||xx |||||||||||||| ||und|| |
| 040 ## - CATALOGING SOURCE |
| Transcribing agency |
GE_BSU |
| 080 ## - UNIVERSAL DECIMAL CLASSIFICATION NUMBER |
| Universal Decimal Classification number |
17 |
| 245 ## - TITLE STATEMENT |
| Title |
ეთიკის სტანდარტების სახელმძღვანელო პრინციპები ქართული ანალიტიკური ორგანიზაციებისათვის |
| 245 ## - TITLE STATEMENT |
| Statement of responsibility, etc. |
დოკუმენტი მოამზადა პროგრამის "საჯარო პოლიტიკის, ადვოკატირებისა და სამოქალაქო საზ-ბის განვითარება საქ-ში (G-PAC)" ფარგლებში, რომელიც დაფინასებულია აშშ-ის საერთ. განვითარების სააგენტოს მიერ |
| 260 ## - PUBLICATION, DISTRIBUTION, ETC. |
| Date of publication, distribution, etc. |
? |
| 300 ## - PHYSICAL DESCRIPTION |
| Extent |
11გვ. |
| 653 ## - INDEX TERM--UNCONTROLLED |
| Uncontrolled term |
ბიბლიოთეკარი |
| 653 ## - INDEX TERM--UNCONTROLLED |
| Uncontrolled term |
ეთიკის სტანდარტების სახელმძღვანელო პრინციპები ქართული ანალიტიკური ორგანიზაციებისათვის |
| 653 ## - INDEX TERM--UNCONTROLLED |
| Uncontrolled term |
ქსეროქსი |
| 942 ## - ADDED ENTRY ELEMENTS (KOHA) |
| Koha item type |
წიგნი |